Not Quite A Movie Title - Marvel Comics - Statistics

General Stats
  • This quiz has been taken 45,807 times
  • The average score is 14 of 16
Answer Stats
Year Imperfect Title Correct Title % Correct
2016 Deadcool Deadpool
99%
2008 Iron Woman Iron Man
99%
2021 Black Window Black Widow
98%
2021 Spider-Man: No Way Back Spider-Man: No Way Home
98%
2014 Guardians of the Universe Guardians of the Galaxy
98%
2005 Fantastic Five Fantastic Four
97%
2018 Ant-Man and the Bee Ant-Man and the Wasp
95%
2018 Black Panda Black Panther
94%
2016 Doctor Stephen Doctor Strange
92%
2008 The Indestructible Hulk The Incredible Hulk
89%
2016 Captain America: World War Captain America: Civil War
82%
2013 Thor: The Other World Thor: The Dark World
71%
2018 Spider-Man: Into the Metaverse Spider-Man: Into the Spider-Verse
70%
2006 X-Men: The Final Stand X-Men: The Last Stand
65%
2021 Venom: Let There Be Havoc Venom: Let There Be Carnage
60%
1986 Howard the Destroyer Howard the Duck
47%
No matching quizzes found
Score Distribution
Percent of People with Each Score
Percentile by Number Answered
Your Score History
You have not taken this quiz